000 00292nam a22001337a 4500
008 170830b xxu||||| |||| 00| 0 eng d
020 _a06970422162
041 _aeng
080 _a070
100 _a39
101 _aMED
245 _aHUMAN COMMUNICATION
_cGOODALT.H.L
942 _2udc
_cBK
999 _c25574
_d25574